000
00294nam a22001097a 4500
008
160630b xxu||||| |||| 00| 0 eng d
100
_9
1553
_a
NCERT
245
_a
Well Done Guide English Core - XII
260
_a
N.D
_b
Arya
_c
2003
300
_a
Well Done Guide English Core - XII
942
_2
ddc
_c
BK
999
_c
1284
_d
1284